Equipos de la Premier League por su equipación. - Estadísticas

Estadísticas generales
  • Esta prueba ha sido intentada 159 veces
  • La puntuación promedio es 17 de 20
Estadísticas de respuestas
Imagen Respuesta % Correcto
Aston Villa
100%
Liverpool
100%
Manchester United
100%
Chelsea
99%
West Ham
97%
Arsenal
95%
Crystal Palace
93%
Manchester City
93%
Nottingham Forest
87%
Brighton
84%
Fulham
81%
Leeds United
81%
Everton
79%
Tottenham Hotspur
77%
Newcastle United
76%
Wolverhampton
75%
Brentford
69%
Ipswich
68%
Luton
57%
Bournemouth
52%
No se encontraron pruebas coincidentes
Distribución de puntuación
Porcentaje de gente con cada puntuación
Porcentaje por número respondido
Historial de tus puntuaciones
No has intentado esta prueba.